00713nam a2200157 a 450000100100000000500170001000800410002704000250006824501860009326000660027930000200034560000590036504900090042495201050043399900170053800002721420240409073641.0110330s1960 dr 000 0 spa d aDO-SdBNPbspacBNPHU00aMensaje que al generalisimo Dr. Rafael L. Trujillo Molina, benefactor de la Patria Nueva dirigen los profesionales universitarios dominicanos exponiendole su pensamiento político. aCiudad Trujillo, República Dominicana :bDel Caribe,c1960. a58 p. ;c24 cm.10aTrujillo Molina, Rafael Leónidas,d 1891-1961976764 aBNPD 0010718PDaPDbPDcCTd2011-03-30iLF1l0o p27214-10r2020-06-25w2020-06-25yLFPDZNo se presta c26706d26706